01235cam a2200325 a 450000100090000000300040000900500170001300800410003001000170007102000170008804000180010504200080012305000240013108200310015524500800018625000130026626000530027930000340033250001270036650400410049352100210053452600190055554100060057456200560058065000130063670000260064970000610067585600820073685600910081813127696OSt20140310182836.0030318s2004 maua b 001 0 eng  a 2003006561 a978007127438 aDLCcDLCdDLC apcc00aQL 47.2b.H627 200900aM 590 214th ed.bIn9 200900aIntegrated principles of zoology cHickman, Cleveland P. Jr. ... [et al.] ; a14th ed. aNew York :bMcGraw-Hill Companies, Inc.,cc2009. axiv, 910 p. :bill. ;c26 cm. aRev. ed. of: Integrated principles of zoology / Cleveland P. Hickman, Jr., Larry S. Roberts, Allan Larson. 11th ed. c2001. aIncludes bibliographical references. aCollege Students c1210L to 1700L j1 efor circulation. 1 copy available in the collection 0aZoology.1 aHickman, Cleveland P.1 aHickman, Cleveland P.tIntegrated principles of zoology.413Table of contents onlyuhttp://www.loc.gov/catdir/toc/ecip041/2003006561.html423Publisher descriptionuhttp://www.loc.gov/catdir/enhancements/fy0632/2003006561-d.html